Environmental management of nickel production : a technical guide
Αποθηκεύτηκε σε:
| Συγγραφή απο Οργανισμό/Αρχή: | |
|---|---|
| Μορφή: | Βιβλίο |
| Γλώσσα: | English |
| Δημοσίευση: |
Paris :
United Nations Environment Programme, Industry and Environment, Programme Activity Centre,
1993
|
| Σειρά: | Technical report series (United Nations Environment Programme. Industry & Environment Office)
; 15 |
| Θέματα: | |
| Ετικέτες: |
Προσθήκη ετικέτας
Δεν υπάρχουν, Καταχωρήστε ετικέτα πρώτοι!
|
MARC
| LEADER | 00000nam a2200000 i 4500 | ||
|---|---|---|---|
| 001 | 1/95826 | ||
| 008 | 081020s1993 eng d | ||
| 020 | |a 92-807-1366-3 | ||
| 035 | |l 10101048 | ||
| 040 | |a GR-MY-UA |b gre |e aacr | ||
| 041 | 0 | |a eng | |
| 082 | 0 | |a 363.7384 |2 (22) | |
| 245 | 1 | 0 | |a Environmental management of nickel production : |b a technical guide |
| 260 | |a Paris : |b United Nations Environment Programme, Industry and Environment, Programme Activity Centre, |c 1993 | ||
| 300 | |a ix, 90 σ.; |b εικ., πίν.; |c 30 εκ. | ||
| 490 | 1 | |a Technical report |v ; 15 | |
| 504 | |a Βιβλιογραφία: σ. 80-81 | ||
| 650 | 0 | 0 | |a Nickel industry |x Environmental aspects. |
| 650 | 0 | 0 | |a Nickel mines and mining |x Environmental aspects. |
| 710 | 2 | |a United Nations Environment Programme. |b Industry & Environment Office. | |
| 830 | 0 | |a Technical report series (United Nations Environment Programme. Industry & Environment Office) |v ; 15 | |
| 852 | |a INST |b LESVOS |e 20081020 |h 363.7384 ENV |p 005100044309 |q 005100044309 |t BK |y 0 | ||
| 901 | |a BIBL1-2008-3 | ||
| 909 | |a Λ |b 143959 | ||
| 922 | |a 1ΕΛΗ |b 200801 |c ΕΠΕΑΕΚ2/ΤΠ |d ΠΑΠΑΣΩΤΗΡΙΟΥ | ||
| 970 | |a ΓΙΑΛΑΜΑ |b ΜΑΡΙΑ |z 2008/10/20 | ||